| 000 | 00676cab a2200229 4500 | ||
|---|---|---|---|
| 001 | ABS57157 | ||
| 008 | 090401t xxu||||| |||| 00| 0 eng d | ||
| 035 | _a(Sirsi) u79278 | ||
| 041 | _aeng | ||
| 100 | _aHighmore, R | ||
| 245 | _aNew law on the validity of notices | ||
| 350 | _a0 | ||
| 520 | _aConsiders the perils of break notices with reference to "Mannai Investment Co Ltd v Eagle Star Assurance Co Ltd" (Abs*****). | ||
| 650 | _aBREAK CLAUSES | ||
| 650 | _aDETERMINATION OF LEASE | ||
| 650 | _aEXPIRY DATE | ||
| 650 | _aTERMINATION OF LEASE | ||
| 650 | _aTIME LIMITS | ||
| 690 | _aLANDLORD AND TENANT-BUSINESS TENANCIES | ||
| 942 | _n0 | ||
| 948 | _c27/06/1997 | ||
| 999 |
_c49842 _d49842 |
||